000
00292nam a22001337a 4500
008
181122b xxu||||| |||| 00| 0 eng d
041
_a
eng
080
_2
2 nd
_a
615
082
_a
615
100
_a
5
101
_a
FAR
245
_a
Handbook of Pharmacology
_c
Cutting.W
942
_2
udc
_c
BK
999
_c
52363
_d
52363